Vista normal
Vista MARC
Entrada Personal Name
Número de registros utilizados en: 2
001 - CONTROL NUMBER
- control field: 4904
003 - CONTROL NUMBER IDENTIFIER
- control field: OSt
005 - DATE AND TIME OF LATEST TRANSACTION
- control field: 20200602132323.0
008 - FIXED-LENGTH DATA ELEMENTS
- fixed length control field: 200602|| aca||aabn | a|a d
040 ## - CATALOGING SOURCE
- Original cataloging agency: OSt
- Transcribing agency: OSt
100 ## - HEADING--PERSONAL NAME
- Personal name: Ávila, Alfonso,
670 ## - SOURCE DATA FOUND
- Source citation: Work cat.: (OSt)4777: Ávila, Alfonso, editor, Ciencia económica y economía de la ciencia : , ©2001